000 00269nam a22001217a 4500
008 190304b xxu||||| |||| 00| 0 eng d
041 _aeng
080 _a610
100 _a4
101 _aSHM
245 _aMayo Clinic guide to pain relief
_cBruce,B
942 _2udc
_cBK
999 _c54394
_d54394